Essays in the theory of society / (Record no. 8142)
[ view plain ]
| 000 -LEADER | |
|---|---|
| fixed length control field | 01511cam a2200313 a 4500 |
| 001 - CONTROL NUMBER | |
| JCCL Control Number | 8142 |
| 003 - CONTROL NUMBER IDENTIFIER | |
| JCCL marc code | BD-JhCC |
| 005 - DATE AND TIME OF LATEST TRANSACTION | |
| control field | 20180218202559.0 |
| 008 - FIXED-LENGTH DATA ELEMENTS--GENERAL INFORMATION | |
| fixed length control field | 841017r19681968enk b 001 0 eng c |
| 020 ## - INTERNATIONAL STANDARD BOOK NUMBER | |
| International Standard Book Number | 0710060793 |
| 029 1# - (OCLC) | |
| OCLC library identifier | UKM |
| System control number | b6808047 |
| 035 ## - SYSTEM CONTROL NUMBER | |
| system control number | ocm11278531 |
| 035 ## - SYSTEM CONTROL NUMBER | |
| system control number | (BD-JhCC)8142 |
| 040 ## - CATALOGING SOURCE | |
| Original cataloging agency | GZM |
| Transcribing agency | GZM |
| Modifying agency | UKM |
| -- | IQU |
| -- | BD-JhCC |
| 041 ## - LANGUAGE CODE | |
| Language code of Book | eng |
| 050 #4 - LIBRARY OF CONGRESS CALL NUMBER | |
| Classification number | HM51 |
| Item number | .D25 1968b |
| 082 04 - DEWEY DECIMAL CLASSIFICATION NUMBER | |
| Classification number | 301 |
| DDC Edition number | 18 |
| Author mark and Year | DAH 1968 |
| 100 1# - MAIN ENTRY--PERSONAL NAME | |
| Personal name | Dahrendorf, Ralf, |
| Dates associated with a name | 1929-2009. |
| 245 10 - TITLE STATEMENT | |
| Title | Essays in the theory of society / |
| Statement of responsibility, etc | Ralf Dahrendorf. |
| 246 30 - VARYING FORM OF TITLE | |
| Title proper/short title | Theory of society |
| 260 ## - PUBLICATION, DISTRIBUTION, ETC. (IMPRINT) | |
| Place of publication, distribution, etc | London : |
| Name of publisher, distributor, etc | Routledge & K. Paul, |
| Date of publication, distribution, etc | 1968. |
| 300 ## - PHYSICAL DESCRIPTION | |
| Pagination | x, 300 p. ; |
| Dimensions | 25 cm. |
| 500 ## - GENERAL NOTE | |
| General note | Originally published: Stanford, Calif. : Stanford University Press, 1968. |
| 504 ## - BIBLIOGRAPHY, ETC. NOTE | |
| Bibliography, etc | Includes bibliographical references (p. [281]-291) and index. |
| 505 0# - FORMATTED CONTENTS NOTE | |
| Formatted contents note | Values and social science: the value dispute in perspective -- Homo sociologicus: on the history, significance, and limits of the category of social role -- Sociology and human nature: a postscript to Homo sociologicus --Out of Utopia: toward a reorientation of sociological analysis -- In praise of Thrasymachus -- On the origin of inequality among men -- Liberty and equality: reflections of a sociologist on a classical theme of politics -- Market and plan: two types of rationality -- Uncertainty, science, and democracy -- Sociology and the sociologist: on the problem of theory and practice. |
| 650 #0 - SUBJECT ADDED ENTRY--TOPICAL TERM | |
| Topical term or geographic name as entry element | Sociology. |
| 942 ## - ADDED ENTRY ELEMENTS (KOHA) | |
| Source of classification or shelving scheme | Dewey Decimal Classification |
| Koha item type | Books |
| Source of classification or shelving scheme | Damaged status | Not for loan | Home library | Current library | Shelving location | Total Checkouts | Full call number | Barcode | Date last seen | Copy number | Koha item type |
|---|---|---|---|---|---|---|---|---|---|---|---|
| Dewey Decimal Classification | JCC Rouf Library | JCC Rouf Library | General Stacks | 301 DAH 1968 | 10558 | 02/18/2018 | C - 1 | Books |